Loading...
| History - American | 0 | 7 | 0 | 0 | 70 | 89 | 117.14 | 0 | 0 | 5.47 | 18.10 |
| Geography | 0 | 3 | 1 | 0 | 25 | 135 | 142.67 | 0 | 0 | 0.77 | 15.74 |
| History - World | 0 | 3 | 1 | 1 | 25 | 127 | 133.00 | 0 | 0 | 0.14 | 3.45 |
| Science - Other | 0 | 3 | 2 | 1 | 20 | 79 | 103.33 | 0 | 1 | 3.89 | 12.29 |
| Other Academic | 0 | 2 | 0 | 0 | 20 | 75 | 79.00 | 0 | 1 | 11.05 | 21.35 |
| Literature - World | 0 | 2 | 0 | 0 | 20 | 90 | 112.50 | 1 | 1 | 3.13 | 9.31 |
| History - European | 0 | 2 | 0 | 0 | 20 | 119 | 127.00 | 0 | 0 | 0.79 | 5.47 |
| Social Science | 0 | 1 | 0 | 0 | 10 | 74 | 74.00 | 0 | 1 | 2.61 | 4.66 |
| Fine Arts - Other | 0 | 1 | 0 | 1 | 10 | 139 | 139.00 | 0 | 0 | 0.00 | 0.88 |
| Fine Arts - Painting & Sculpture | 0 | 1 | 0 | 0 | 10 | 128 | 128.00 | 0 | 0 | -0.05 | 0.88 |
| Literature - European | 0 | 1 | 0 | 0 | 10 | 83 | 83.00 | 1 | 1 | 2.37 | 5.88 |
| Mythology | 0 | 1 | 1 | 0 | 5 | 111 | 111.00 | 0 | 1 | 2.30 | 9.36 |
| Religion | 0 | 1 | 1 | 0 | 5 | 122 | 122.00 | 0 | 1 | 0.40 | 1.72 |
| History - Other | 0 | 1 | 1 | 0 | 5 | 125 | 125.00 | 0 | 0 | 0.35 | 1.47 |
| Science - Biology | 0 | 0 | 0 | 0 | 0 | 0.00 | 0 | 0 | 0.00 | 0.00 | |
| Current Events | 0 | 1 | 2 | 0 | 0 | 38 | 38.00 | 1 | 1 | 7.94 | 11.11 |